| 000 | 00609nam a22001937a 4500 | ||
|---|---|---|---|
| 005 | 20240517123405.0 | ||
| 010 | _aENG-140362 | ||
| 020 |
_a9789353619862 _c150.00 |
||
| 035 | _aEN-123894 | ||
| 037 | _bDBAD | ||
| 082 | _a358.418 | ||
| 100 |
_aDash, Saktipada _966335 |
||
| 245 |
_aFlight Instrumentation For Missiles: _bSimplified/ _cby Saktipada Das |
||
| 260 |
_aHyderabad _bKala Jyothi Process Pvt Ltd _c2019 |
||
| 270 |
_a1-1-60/5 RTC 'X' Roads, Musheerabad _bHyderabad _e500020 |
||
| 300 |
_a127p. _c21cm.(pb) |
||
| 700 |
_aDash, Saktipada _966297 |
||
| 942 |
_2ddc _cEN _h358.418 _mDAS |
||
| 999 |
_c202936 _d202936 |
||